000 00342 a2200109 4500
001 ART_41792
005 20260410161814.0
008 260409a
245 1 0 _aTipos de contribuciones resultantes de la investigación jurídica
100 1 _aMinow, Martha
773 0 _tAcademia
_g- Año 12, Nº 23 (ene./jun. 2014)
_wREV4314
999 _c21711
_d21711